Countries and U.S. States With the Same Codes - Statistics

General Stats
  • This quiz has been taken 15 times
  • The average score is 30 of 42
Answer Stats
Hint Answer % Correct
AL Alabama
100%
AR Arkansas
100%
AZ Arizona
93%
CA California
93%
CO Colorado
93%
DE Delaware
93%
ID Idaho
93%
IL Illinois
93%
IN Indiana
93%
MT Montana
93%
SC South Carolina
93%
TN Tennessee
93%
VA Virginia
93%
AL Albania
86%
AZ Azerbaijan
86%
CA Canada
86%
GA Georgia
86%
LA Louisiana
86%
MD Maryland
86%
MA Massachusetts
86%
MN Minnesota
86%
NE Nebraska
86%
PA Pennsylvania
86%
ME Maine
79%
VA Vatican City
79%
GA Gabon
71%
IN India
71%
LA Laos
71%
AR Argentina
64%
CO Colombia
64%
DE Germany
64%
ID Indonesia
50%
PA Panama
50%
IL Israel
43%
MN Mongolia
43%
SC Seychelles
29%
MT Malta
21%
ME Montenegro
21%
TN Tunisia
21%
MD Moldova
14%
NE Niger
14%
MA Morocco
7%
No matching quizzes found
Score Distribution
Percent of People with Each Score
Percentile by Number Answered
Your Score History
You have not taken this quiz